00377 a2200145 4500003000400000005001700004008004100021020001800062040000900080082001900089100001900108245006200127260003200189300001000221OSt20230916140907.0230916b |||||||| |||| 00| 0 eng d a9781408855898 coclc a823.914bROW/H1 aRowling, J. K. aHarry Potter and the philosopher's stone / cJ K Rowling aLondon:bBloomsbury,c2014. a331 p